书目信息 |
| 题名: |
提取冶金单元过程
|
|
| 作者: | 佩克 著 ;黄桂柱 译 | |
| 分册: | ||
| 出版信息: | 北京 冶金工业出版社 1982.1 |
|
| 页数: | 278页 | |
| 开本: | 26cm | |
| 丛书名: | ||
| 单 册: | ||
| 中图分类: | TF111 | |
| 科图分类: | ||
| 主题词: | 提取冶金 , 化学冶金 | |
| 电子资源: | ||
| ISBN: | ||
| 000 | 00555nam0 2200205 45 | |
| 001 | 0312221749 | |
| 005 | 20060426104430.96 | |
| 010 | @dCNY1.90 | |
| 100 | @a20031222d1982 km y0chiy0120 ea | |
| 101 | @achi@ceng | |
| 200 | 1 | @a提取冶金单元过程@ATi Qu Ye Jin Dan Yuan Guo Cheng@f(美)佩克著@F(Mei)Pei Ke Zhu@g黄桂柱译 |
| 210 | @a北京@c冶金工业出版社@d1982.1 | |
| 215 | @a278页@d26cm | |
| 606 | 0 | @a提取冶金 |
| 606 | 0 | @a化学冶金 |
| 690 | @aTF111@v3 | |
| 701 | 0 | @a佩克@4著 |
| 702 | 0 | @a黄桂柱@4译 |
| 801 | @aCN@bTSTCL@c20060426 | |
| 905 | @a213230@dTF111@e2 | |
| 提取冶金单元过程/(美)佩克著/黄桂柱译.-北京:冶金工业出版社,1982.1 |
| 278页;26cm |
| ISBN :CNY1.90 |
| ● |
| 相关链接 |
|
|
|
|
正题名:提取冶金单元过程
索取号:TF111/2
 
预约/预借
| 序号 | 登录号 | 条形码 | 馆藏地/架位号 | 状态 | 备注 |
| 1 | 0074203 | 202295248 | 密集书库/ [索取号:TF111/2] | 在馆 |